00657nam a2200157 a 4500008004100000020001500041050001500056100002100071245008700092246002700179260002800206350000900234995010900243999001700352952013000369120416s0000 ||||||||||||||||| || u a0312221916 aHG 229 Unc aDavidson, Louise10aUncertainty, international money, employment and theorycedited by Louise Davidson athe collected....vol.3 aLondonbMacmillanc1999 a0.00 D0.00FCBU-MAIN LIBRARY (Kitwe)H1I30.00M1UAVAILABLEWOct 4, 2006ZMain Library Open Access Collection c60590d60590 00102lcc4070a001b001cMain Library Open Access Collectiond2022-11-30l0oHG 229 Uncp46067r2022-11-30w2022-11-30y002